书目信息 |
| 题名: |
镎化学
|
|
| 作者: | 柴霍尔斯基 , Чайхорский 著 ;邱孝熹 译 | |
| 分册: | ||
| 出版信息: | 北京 原子能出版社 1986 |
|
| 页数: | 281页 | |
| 开本: | 19cm | |
| 丛书名: | ||
| 单 册: | ||
| 中图分类: | O614.35 , O615 | |
| 科图分类: | ||
| 主题词: | 镎化合物 , 无机化学 | |
| 电子资源: | ||
| ISBN: | ||
| 000 | 00912nam0 2200313 45 | |
| 001 | 0186010195 | |
| 005 | 20040914083148.3 | |
| 010 | @dCNY1.85 | |
| 091 | @a15175.580 | |
| 100 | @a19900818d1986 kemy0chiy0121 ea | |
| 101 | 1 | @achi@crus |
| 102 | @aCN@b110000 | |
| 105 | @ay z 000yy | |
| 106 | @ar | |
| 200 | 10 | @a镎化学@Ana hua xue@f(苏)А.А.柴霍尔斯基著@F(Su)А.А.Chai Huo Er Si Ji Zhu@g邱孝熹译 |
| 210 | @a北京@c原子能出版社@d1986 | |
| 215 | @a281页@d19cm | |
| 300 | @a书名原文: Химия нептуния | |
| 510 | 1 | @aХимия нептуния@zrus |
| 606 | @a镎化合物 | |
| 606 | 0 | @a无机化学 |
| 690 | @aO614.35@v3 | |
| 690 | @aO615 | |
| 701 | 1 | @a柴霍尔斯基@Achai huo er si ji@bА.А.@4著 |
| 701 | A1 | @aЧайхорский@bА.А.@4著 |
| 702 | 0 | @a邱孝熹@Aqiu xiao xi@4译 |
| 801 | 0 | @aCN@b深圳图书馆@c20040914 |
| 801 | 2 | @aCN@bNLC@c20040914 |
| 905 | @f1@b202835@dO615@e4 | |
| 镎化学/(苏)А.А.柴霍尔斯基著/邱孝熹译.-北京:原子能出版社,1986 |
| 281页;19cm |
| 书名原文: Химия нептуния |
| ISBN :CNY1.85 |
| ● |
| 相关链接 |
|
|
|
|
正题名:镎化学
索取号:O615/4
 
预约/预借
| 序号 | 登录号 | 条形码 | 馆藏地/架位号 | 状态 | 备注 |
| 1 | 0202835 | 001956422 | 第三借阅区/ [索取号:O615/4] | 在馆 | |
| 2 | 0202836 | 000349812 | 第二样本阅览室/ [索取号:O615/4] | 在馆 |